000 00713nam a22002177a 4500
001 BD-DhSAU 7740
003 BD-DhSAU
005 20150528124607.0
008 150528b1990 bg a||||r|||| 000 0 eng d
040 _aBD-DhSAU
082 _222
_a304.14125492
_bANN
100 _aAdnan, Shapan
245 _aAnnotation of village studies in Bnagladesh and west bengal :
_ba review of socio-economic trends over 1942-88 /
_cShapan Adnan.
260 _aComilla :
_bBangladesh Academy for Rural Development,
_cc1990.
300 _a290 p. :
_bill. ;
_c22 cm.
590 _ajoy
650 _aExtension.
650 _aVillage studies.
_zBangladesh.
710 _aBangladesh Academy for Rural Development.
942 _2ddc
_cBOOK
999 _c7740
_d7740